Lenguas indígenas costarricenses /
Furkejuvvon:
| Váldodahkki: | |
|---|---|
| Materiálatiipa: | Dovdameahttun |
| Giella: | Spanish |
| Almmustuhtton: |
San José, Costa Rica:
Editorial Universitaria Centroamerica,
1972
|
| Preanttus: | 2. edición |
| Ráidu: | Aula
|
| Fáttát: | |
| Fáddágilkorat: |
Lasit fáddágilkoriid
Eai fáddágilkorat, Lasit vuosttaš fáddágilkora!
|
MARC
| LEADER | 000000000a22000000004500 | ||
|---|---|---|---|
| 001 | 000835 | ||
| 008 | 141114s1972 cr a|||| |||| 00| 0 spa d | ||
| 041 | 0 | |a español | |
| 082 | |a 497.4 |b A779-L2 | ||
| 100 | 1 | |a Arroyo Soto, Victor Manuel | |
| 245 | 1 | 0 | |a Lenguas indígenas costarricenses / |c Víctor Manuel Arroyo |
| 250 | |a 2. edición | ||
| 260 | |a San José, Costa Rica: |b Editorial Universitaria Centroamerica, |c 1972 | ||
| 300 | |a 283 páginas: |b ilustraciones. | ||
| 490 | 1 | |a Aula | |
| 500 | |a La Biblioteca contiene otro ejemplar con número de inscripción: 13145 | ||
| 650 | 4 | |a INDIOS COSTARRICENSES | |
| 650 | 4 | |a LENGUAS |z COSTA RICA | |
| 942 | |2 ddc |c BK | ||
| 999 | |c 1609 |d 1609 | ||
